Arrange Word about Country Quiz Stats

 Plays Quiz not verified by Sporcle

Support Sporcle.
Go Orange.
Score 0/20 Timer 10:00
0 Plays Today
Hint Country % Correct
GANMERYGermany
100%
NAJAPJapan
100%
SAUUnited State of America
100%
NIHCAChina
100%
KUUnited Kingdom
100%
MONAOman
95.2%
SAOLLaos
95.2%
WANRADRwanda
90.5%
LIVBIAOBolivia
90.5%
TAULAEMAGGuatemala
90.5%
Hint Country % Correct
THAIOPIEEthiopia
85.7%
ZAKHASTANKKazakhstan
85.7%
RANRODAAndorra
81%
LHADTANIThailand
81%
USDIAIBAARSaudi Arabia
61.9%
OSTMOPRIEPCEANADINSao Tome and Principe
47.6%
AINIULATHLithuania
33.3%
NAOOMCMonaco
25%
SURIASRussia
0%
JBAZAANIREAzerbaijan
0%

You're not logged in!

Compare scores with friends on all Sporcle quizzes.
OR
Log In

From the Vault

Click-a-Count

by pdigoe

You can count on this quiz for some fun!
Remove Ads.
Support Sporcle.
Get the best of Sporcle when you Go Orange. This ad-free experience offers more features, more stats, and more fun while also helping to support Sporcle. Thank you for becoming a member.

Show Comments

Extras

Created Nov 16, 2013ReportNominate
Tags:Country Quiz

Top Quizzes Today


Score Distribution

Your Account Isn't Verified!

In order to create a playlist on Sporcle, you need to verify the email address you used during registration. Go to your Sporcle Settings to finish the process.

Report this User

Report this user for behavior that violates our Community Guidelines.

Details: